000
00285nam a22001337a 4500
082
_a
894.812
_b
FIL/O
100
_a
CMC, PHILEMIN
245
_a
ORU UNNATHUPATTUPOLE
250
_a
THIRD
260
_a
ALUVA
_b
FIDELIS C M C
_c
2001
300
_a
112
650
_a
STORY
_z
KERALA
942
_c
BK
999
_c
1622
_d
1622